Old Flags of Countries #1 - Statistics

General Stats
  • This quiz has been taken 475 times
    205 since last reset
  • The average score is 13 of 16
Answer Stats
Picture Answer % Correct
France
97%
Croatia
96%
Italy
96%
Spain
96%
United Kingdom
96%
United States
93%
Netherlands
91%
Mexico
90%
Argentina
88%
Uruguay
87%
Belgium
86%
Portugal
86%
Brazil
70%
Morocco
44%
Switzerland
42%
Germany
24%
No matching quizzes found
Score Distribution
Percent of People with Each Score
Percentile by Number Answered
Your Score History
You have not taken this quiz since the last reset